[Event "Canadian op"]
[Site "Toronto"]
[Date "2010.07.15"]
[Round "6.99"]
[White "O'Brien, Frank"]
[Black "McRoberts, Julian"]
[Result "1-0"]
[WhiteElo "1744"]
[BlackElo "1439"]
[PlyCount "59"]
[EventDate "2010.07.10"]
[EventType "swiss"]
[EventRounds "9"]
[EventCountry "CAN"]
[SourceTitle "EXT 2022"]
[Source "ChessBase"]
[SourceDate "2021.10.06"]
[SourceVersion "1"]
[SourceVersionDate "2021.10.06"]
[SourceQuality "1"]

1. d4 e6 2. c4 Nf6 3. Nf3 b6 4. a3 d5 5. Nc3 Be7 6. cxd5 Nxd5 7. e4 Nf6 8. Bd3 h6 9. 0-0 Nh7 10. Qe2 0-0 11. e5 Bb7 12. Ne4 Nd7 13. Rd1 Qc8 14. Be3 a5 15. Rac1 Bd8 16. Nd6 Qb8 17. Nxb7 Qxb7 18. Qc2 Ng5 19. Nxg5 hxg5 20. Be4 Qa7 21. Bxa8 Qxa8 22. Qd2 f6 23. exf6 gxf6 24. h4 Rf7 25. hxg5 fxg5 26. Qd3 Nf8 27. d5 Rd7 28. Qe4 exd5 29. Qf5 Rf7 30. Qxd5 1-0